| 000 | 00529cam a2200157K 4500 | ||
|---|---|---|---|
| 082 | 0 | 4 |
_a954.031 _bLYA |
| 100 | 1 |
_aLyall, Alfred Comyn, _949991 |
|
| 245 | 1 | 0 |
_aWarren Hastings _cby Sir Alfred Lyall. |
| 260 |
_aLondon, _aNew York, _bMacmillan, _c1889. |
||
| 300 |
_a1 online resource (vi, 235 p.) _bfront. (port.) fold. map. |
||
| 490 | 0 | _aEnglish men of action [v.9] | |
| 526 |
_a0 _b0 _c0 _d954_031000000000000_LYA |
||
| 650 |
_aMCE _9379 |
||
| 856 | 4 | 0 | _uhttp://catalog.hathitrust.org/api/volumes/oclc/674694.html |
| 942 |
_2ddc _cBK |
||
| 999 |
_c553162 _d553162 |
||